000 02185nam a2200529 i 4500
001 xx005911502
003 NUKAT
005 20260313125730.0
008 260313s2020 pl a |000 0dpol c
020 _a9788395784804
_q(oprawa miękka)
035 _a(NUKAT)xx005911502
040 _aOLSZT 008/bak
_bpol
_erda
_cOLSZT 008/bak
045 2 _bd1421
_bd2020
046 _k2020
245 0 0 _aKielczanie, Warmiacy i Mazurzy /
_cpod redakcją Bolesława Pilarka.
260 _aOlsztyn :
_bStowarzyszenie Absolwentów Uniwersytetu Warmińsko-Mazurskiego w Olsztynie :
_bFundacja im. M. Oczapowskiego w Olsztynie :
_bKlub Sympatyków Ziemi Świętokrzyskiej :
_bStudio Wydawnicze Edycja,
_c2020.
300 _a254 strony :
_bilustracje ;
_c24 cm.
336 _aTekst
_btxt
_2rdacontent
337 _aBez urządzenia pośredniczącego
_bn
_2rdamedia
338 _aWolumin
_bnc
_2rdacarrier
380 _aKsiążki
380 _aPublikacje popularnonaukowe
388 1 _a2001-
536 _aKsiążka dofinansowana przez Warmińsko-Mazurski Urząd Marszałkowski w Olsztynie
648 7 _a1401-1500
_2DBN
_936030
648 7 _a1501-1600
_2DBN
_936032
648 7 _a1601-1700
_2DBN
_936034
648 7 _a1701-1800
_2DBN
_936035
648 7 _a1801-1900
_2DBN
_936037
648 7 _a1901-2000
_2DBN
_934996
648 7 _a2001-
_2DBN
_936393
650 7 _aMazurzy
_2DBN
_938043
650 7 _aŚwiadomość regionalna
_2DBN
_936893
650 7 _aWarmiacy
_2DBN
_935174
651 7 _aKielce (woj. świętokrzyskie)
_2DBN
_938044
651 7 _aMazury
_2DBN
_935176
651 7 _aWarmia
_2DBN
_935166
655 7 _aPraca zbiorowa
_2DBN
_935107
658 _aHistoria
700 1 _aPilarek, Bolesław
_d(1944- ).
_eRedakcja
_919572
710 2 _aFundacja im. Michała Oczapowskiego (Olsztyn).
_eWydawca
_4pbl
_938040
710 2 _aUniwersytet Warmińsko-Mazurski (Olsztyn).
_bKlub Sympatyków Ziemi Świętokrzyskiej.
_eWydawca
_4pbl
_938041
710 2 _aUniwersytet Warmińsko-Mazurski (Olsztyn).
_bStowarzyszenie Absolwentów.
_eWydawca
_4pbl
_917321
710 2 _aStudio Przygotowawcze Wydawnictw EDYCJA.
_eWydawca
_4pbl
_938042
920 _a978-83-957848-0-4 (oprawa miękka)
942 _2ddc
_cBK_NM
999 _c26997
_d26997